Words with the letters SPANTAISOE - Statistics

General Stats
  • This quiz has been taken 13 times
  • The average score is 57 of 235
Answer Stats
Length Word % Correct
1 A
100%
3 Pan
100%
4 Pant
100%
3 Spa
100%
1 I
90%
5 Pants
90%
2 At
80%
3 Nap
80%
3 Sat
80%
3 Tan
80%
2 An
70%
3 Ant
70%
2 So
70%
4 Span
70%
4 Spat
70%
4 Spit
70%
2 To
70%
2 As
60%
3 Eat
60%
2 In
60%
2 Is
60%
2 No
60%
4 Nose
60%
4 Past
60%
3 Pen
60%
3 Pin
60%
4 Post
60%
4 Sent
60%
4 Spot
60%
5 Stain
60%
3 Tap
60%
3 Tin
60%
4 Ants
50%
3 Ate
50%
2 On
50%
2 Op
50%
4 Pain
50%
3 Pat
50%
3 Pea
50%
4 Pest
50%
4 Pint
50%
3 Pit
50%
3 Pot
50%
4 Spin
50%
3 Ten
50%
3 Toe
50%
4 Toes
50%
3 Ton
50%
4 East
40%
4 Into
40%
2 It
40%
5 Paint
40%
6 Paints
40%
4 Pass
40%
4 Pent
40%
4 Pits
40%
4 Pose
40%
5 Saint
40%
3 Sap
40%
3 Sin
40%
3 Sit
40%
5 Spent
40%
4 Taps
40%
4 Tins
40%
3 Tip
40%
4 Anti
30%
3 Ape
30%
4 Apes
30%
4 Eats
30%
6 Instep
30%
4 Neat
30%
3 Nit
30%
5 Noise
30%
3 Not
30%
3 Oat
30%
5 Pains
30%
4 Pans
30%
5 Paste
30%
4 Peas
30%
4 Pins
30%
4 Piss
30%
5 Point
30%
6 Points
30%
3 Sea
30%
4 Seat
30%
4 Soap
30%
3 Son
30%
5 Spans
30%
5 Spins
30%
5 Spots
30%
6 Stains
30%
4 Step
30%
4 Tape
30%
4 Tons
30%
2 Ae
20%
3 Eon
20%
3 Ion
20%
3 Nip
20%
5 Noses
20%
4 Oats
20%
3 Ops
20%
4 Opts
20%
7 Passion
20%
5 Pasta
20%
4 Pats
20%
7 Peasant
20%
3 Pet
20%
5 Piano
20%
3 Pie
20%
4 Pots
20%
4 Sane
20%
4 Seas
20%
5 Seats
20%
3 Set
20%
4 Sins
20%
4 Site
20%
4 Snap
20%
5 Soaps
20%
5 Spits
20%
5 Steps
20%
4 Tase
20%
3 Tea
20%
4 Tone
20%
5 Tones
20%
3 Top
20%
4 Tops
20%
6 Assent
10%
5 Asset
10%
5 Inept
10%
7 Insteps
10%
4 Nest
10%
6 Noises
10%
4 Nope
10%
4 Note
10%
4 Nots
10%
4 Oast
10%
5 Oasts
10%
3 One
10%
4 Ones
10%
4 Open
10%
5 Opens
10%
4 Pane
10%
5 Panes
10%
7 Pansies
10%
6 Pantie
10%
7 Panties
10%
10 Passionate
10%
6 Pastes
10%
5 Pasts
10%
8 Peasants
10%
4 Pets
10%
6 Pianos
10%
4 Pies
10%
4 Pine
10%
4 Pons
10%
5 Posts
10%
6 Saints
10%
4 Saps
10%
5 Satan
10%
5 Sents
10%
3 Sip
10%
3 Sis
10%
4 Sits
10%
4 Snip
10%
4 Snot
10%
3 Sop
10%
5 Spies
10%
6 Spites
10%
5 Tapes
10%
3 Tie
10%
4 Ties
10%
8 Assonate
0%
4 Atop
0%
5 Easts
0%
4 Eons
0%
5 Inset
0%
6 Insets
0%
4 Ions
0%
5 Nates
0%
5 Nests
0%
3 Net
0%
4 Nets
0%
4 Nips
0%
4 Nits
0%
4 Noes
0%
6 Nosies
0%
5 Notes
0%
5 Oasis
0%
5 Onset
0%
6 Onsets
0%
6 Onsite
0%
4 Opes
0%
6 Opiate
0%
7 Passant
0%
6 Pastas
0%
6 Patine
0%
5 Pesos
0%
5 Pests
0%
6 Piston
0%
7 Pistons
0%
6 Poises
0%
6 Ponies
0%
5 Poses
0%
6 Possie
0%
5 Sanes
0%
4 Sans
0%
7 Sapiens
0%
7 Sapient
0%
8 Sapients
0%
8 Satanise
0%
5 Satin
0%
6 Season
0%
6 Sepias
0%
4 Sets
0%
4 Sips
0%
5 Sites
0%
5 Snaps
0%
5 Snipe
0%
6 Snipes
0%
5 Snips
0%
5 Snots
0%
8 Soapiest
0%
4 Sone
0%
5 Sones
0%
4 Sops
0%
3 Sos
0%
5 Spats
0%
5 Spine
0%
6 Spines
0%
7 Stepins
0%
5 Stone
0%
4 Stop
0%
5 Stops
0%
4 Teas
0%
5 Topes
0%
No matching quizzes found
Score Distribution
Percent of People with Each Score
Percentile by Number Answered
Your Score History
You have not taken this quiz